Điều ước Sài Gòn lần thứ hai và đối sách Thiên chúa giáo của triều Nguyễn /

সংরক্ষণ করুন:
গ্রন্থ-পঞ্জীর বিবরন
প্রধান লেখক: Youn Dae Yeong.
বিন্যাস: প্রবন্ধ
ভাষা:Vietnamese
বিষয়গুলি:
ট্যাগগুলো: ট্যাগ যুক্ত করুন
কোনো ট্যাগ নেই, প্রথমজন হিসাবে ট্যাগ করুন!
Thư viện lưu trữ: Thư viện Trường Đại học Đà Lạt
LEADER 00848nam a2200265 4500
001 DLU180184736
005 ##20180508
040 # # |a DLU  |b vie 
041 # # |a vie 
044 # # |a vn 
100 # # |a Youn Dae Yeong. 
245 # # |a Điều ước Sài Gòn lần thứ hai và đối sách Thiên chúa giáo của triều Nguyễn /  |c Youn Dae Yeong. 
653 # # |a Điều ước Sài Gòn lần thứ hai 
653 # # |a Thời kỳ Pháp thuộc 
653 # # |a Thiên chúa giáo 
653 # # |a Triều Nguyễn 
773 # # |t Nghiên cứu lịch sử  |g Số 4(480), 2016, tr. 26-32 
920 # # |a Phòng Tạp chí -- Trung tâm Thông tin - Thư viện Trường Đại học Đà Lạt 
900 # # |a True 
911 # # |a Nguyễn Thị Thu Phương 
925 # # |a G 
926 # # |a A 
927 # # |a BB 
980 # # |a Thư viện Trường Đại học Đà Lạt